| 000 | 00000nam##2200000za#4500 |
| 001 | 9.695188 |
| 003 | CaOODSP |
| 005 | 20220125145842 |
| 007 | cr ||||||||||| |
| 008 | 150407|2003||||xxc|||||o f|0| 0 eng|d |
| 040 | |aCaOODSP|beng |
| 043 | |an-cn--- |
| 086 | 1 |aD2-150/2003-1E-PDF |
| 110 | 1 |aCanada. |bDepartment of National Defence. |
| 245 | 10|aSummary of duty with honour : |h[electronic resource]|bthe profession of arms in Canada |
| 260 | |aOttawa - Ontario : |bNational Defence |cc2003. |
| 300 | |a26p.|bcoloured figs., graphs, photographs |
| 500 | |aThe catalogue number (D2-150/2003-1) and ISBN (0-662-67562-2) for the bilingual print edition have been incorrectly copied in this PDF version. |
| 504 | |aBibliography. |
| 590 | |a12-30-Supp|b2012-06-28 |
| 690 | 07|aMilitary personnel|2gcpds |
| 775 | 08|tSynthèse de servir avec honneur : |w(CaOODSP)9.639333 |
| 856 | 40|ahttp://publications.gc.ca|qPDF|s527 KB|uhttps://publications.gc.ca/collections/collection_2011/dn-nd/D2-150-2003-1-eng.pdf |
| 986 | |aNDID Number: A-PA-005-000/AP-002 |